000 00464nam a2200157 4500
001 107840
003 ES-MaACL
005 20230906184514.0
007 t|
008 061121s1969 sp r ||||1| spa d
100 1 _aMoreno Juez, Marcelino.
_983391
245 1 0 _a500 ejercicios de cálculo integral /
_cpor Marcelino Moreno Juez.
260 _aBurgos :
_b[s.n.],
_c1969 (
_fImp. Aldecoa)
300 _aX, 384 p. ;
_c21 cm.
852 _aES-MaACL
_jC-34400
_bR.69982
999 _c107840
_d107840